| 000 | 00000nam 2200000za 4500 |
| 001 | 9.546070 |
| 003 | CaOODSP |
| 005 | 20220405153324 |
| 007 | ta |
| 008 | 150406s2008 quc # f000 0 eng d |
| 040 | |aCaOODSP|beng |
| 041 | |aeng|afre |
| 043 | |an-cn--- |
| 086 | 1 |aP29-133-1-2008-1 |
| 245 | 00|aSecurity officers and security officer supervisors = |bAgents de sécurité et superviseurs des agents de sécurité. |
| 246 | 11|aAgents de sécurité et superviseurs des agents de sécurité |
| 260 | |a[Gatineau] : |bCanadian General Standards Board, |c2008. |
| 300 | |a[1] p. ; |c28 cm. |
| 490 | 1 |aNational standard of Canada, |x0226-4587 ; |vno. 133.1-2008 Corrigendum No. 1 |
| 500 | |a"May 2008." |
| 500 | |aTitle from cover. |
| 500 | |a"Experience and excellence"--Cover. |
| 520 | |a"Program content and minimum hours of training - B5. Legal responibilities: Under Minimum hours of training, change “7” to read “8”."--p. [1]. |
| 546 | |aText in English and French. |
| 692 | 07|2gccst|aSecurity |
| 692 | 07|2gccst|aTraining |
| 692 | 07|2gccst|aStandards |
| 710 | 2 |aCanadian General Standards Board. |
| 792 | |tSecurity officers and security officer supervisors = |efre|w(CaOODSP)9.546071 |
| 795 | |tSecurity officers and security officer supervisors / |w(CaOODSP)9.545930 |
| 830 | #0|aNational standard of Canada,|x0226-4587 ; |vno. 133.1-2008 Corrigendum No. 1.|w(CaOODSP)9.509558 |
| 986 | |aICS 13.310 |